HUMAN ANATOMY (Record no. 4837)

MARC details
000 -LEADER
fixed length control field 00315nam a2200133Ia 4500
008 - FIXED-LENGTH DATA ELEMENTS--GENERAL INFORMATION
fixed length control field 150201s2014 xx 000 0 und d
082 ## - DEWEY DECIMAL CLASSIFICATION NUMBER
Classification number 611
Item number H2012A
100 ## - MAIN ENTRY--PERSONAL NAME
Personal name ANAND , M.K
245 ## - TITLE STATEMENT
Title HUMAN ANATOMY
250 ## - EDITION STATEMENT
Edition statement 3RD
260 ## - PUBLICATION, DISTRIBUTION, ETC. (IMPRINT)
Name of publisher, distributor, etc. JAYPEE BROTHERS MEDICAL PUBLISHERS
650 ## - SUBJECT ADDED ENTRY--TOPICAL TERM
Topical term or geographic name as entry element ANATOMY
942 ## - ADDED ENTRY ELEMENTS (KOHA)
Source of classification or shelving scheme Dewey Decimal Classification
Koha item type Books
Koha issues (borrowed), all copies 17
Holdings
Withdrawn status Lost status Source of classification or shelving scheme Damaged status Not for loan Home library Current library Date acquired Serial Enumeration / chronology SGTU Total Checkouts Total Renewals Full call number Barcode Date last seen Date last checked out Bill Date Koha item type
    Dewey Decimal Classification     SGT Dental Library SGT Dental Library 06/10/2014 1 SGTU 24 1 611 H2012A FD6971 01/04/2024 01/04/2024 09/02/2015 Books
    Dewey Decimal Classification     SGT Dental Library SGT Dental Library 06/10/2014 1 SGTU 32   611 H2012A FD6972 15/07/2024 08/07/2024 09/02/2015 Books
    Dewey Decimal Classification     SGT Dental Library SGT Dental Library 06/10/2014 1 SGTU 37   611 H2012A FD6973 04/09/2021 26/08/2021 09/02/2015 Books
    Dewey Decimal Classification     SGT Dental Library SGT Dental Library 06/10/2014 1 SGTU 10   611 H2012A FD6974 18/06/2025 18/06/2025 09/02/2015 Books
    Dewey Decimal Classification     SGT Dental Library SGT Dental Library 06/10/2014 1 SGTU 15   611 H2012A FD6975 17/06/2025 17/06/2025 09/02/2015 Books